000 00384nam a2200145Ia 4500
008 230917s9999||||xx |||||||||||||| ||und||
040 _e201472
_aMAIN
041 _aEnglish
082 _a327.51 D491E
100 _aDevare, Sudhir T, ed.
245 0 _aEmerging China: Prospects for partnership in Asia
260 _aLondon
_bRoutledge
_c2012
300 _axxii, 413 p.
942 _cBK
999 _c170949
_d170949